[Event "DEM U14 2024"]
[Site "Willingen GER"]
[Date "2024.05.25"]
[Round "9"]
[White "Jablonski, Ture"]
[Black "Thümler, Floris"]
[Result "1/2-1/2"]
[Termination "normal"]
[Board "24"]
[WhiteElo "1583"]
[BlackElo "1938"]
[WhiteClock "00:09:54"]
[BlackClock "00:34:18"]
[PlyCount "71"]
[WhiteFideId "34640452"]
[BlackFideId "16296435"]
[EventCountry "GER"]
[EventRounds "9"]
[EventType "swiss"]
[EventDate "2024.05.18"]

1. d4 {[%clk 01:30:58]} d5 {[%clk 01:30:56]} {[%emt 00:00:04]} 2. c4 {[%clk
01:31:23]} {[%emt 00:00:05]} e6 {[%clk 01:31:22]} {[%emt 00:00:04]} 3. cxd5
{[%clk 01:31:48]} {[%emt 00:00:05]} exd5 {[%clk 01:31:46]} {[%emt 00:00:07]} 4.
Nc3 {[%clk 01:32:14]} {[%emt 00:00:03]} c6 {[%clk 01:32:10]} {[%emt 00:00:06]}
5. Bf4 {[%clk 01:32:13]} {[%emt 00:00:30]} Nf6 {[%clk 01:32:17]} {[%emt
00:00:23]} 6. Qc2 {[%clk 01:32:19]} {[%emt 00:00:26]} Bd6 {[%clk 01:32:28]}
{[%emt 00:00:18]} 7. Bxd6 {[%clk 01:32:03]} {[%emt 00:00:46]} Qxd6 {[%clk
01:32:50]} {[%emt 00:00:07]} 8. e3 {[%clk 01:32:26]} {[%emt 00:00:07]} Bg4
{[%clk 01:32:51]} {[%emt 00:00:29]} 9. f3 {[%clk 01:32:12]} {[%emt 00:00:45]}
Bh5 {[%clk 01:33:16]} {[%emt 00:00:05]} 10. Bd3 {[%clk 01:32:36]} {[%emt
00:00:05]} O-O {[%clk 01:33:09]} {[%emt 00:00:39]} 11. Nge2 {[%clk 01:32:50]}
{[%emt 00:00:16]} Re8 {[%clk 01:32:42]} {[%emt 00:00:56]} 12. e4 {[%clk
01:32:52]} {[%emt 00:00:25]} dxe4 {[%clk 01:32:45]} {[%emt 00:00:30]} 13. fxe4
{[%clk 01:33:01]} {[%emt 00:00:21]} Bxe2 {[%clk 01:32:58]} {[%emt 00:00:16]}
14. Nxe2 {[%clk 01:32:32]} {[%emt 00:01:00]} Qb4+ {[%clk 01:33:15]} {[%emt
00:00:14]} 15. Qc3 {[%clk 01:32:53]} {[%emt 00:00:08]} Qxc3+ {[%clk 01:32:17]}
{[%emt 00:01:27]} 16. Nxc3 {[%clk 01:33:21]} {[%emt 00:00:03]} Nbd7 {[%clk
01:32:28]} {[%emt 00:00:19]} 17. O-O {[%clk 01:33:10]} {[%emt 00:00:42]} c5
{[%clk 01:32:04]} {[%emt 00:00:53]} 18. Nb5 {[%clk 01:23:11]} {[%emt 00:10:28]}
Re7 {[%clk 01:25:50]} {[%emt 00:06:45]} 19. e5 {[%clk 01:21:22]} {[%emt
00:02:19]} Nd5 {[%clk 01:22:39]} {[%emt 00:03:41]} 20. Be4 {[%clk 01:15:43]}
{[%emt 00:06:00]} Ne3 {[%clk 01:20:23]} {[%emt 00:02:55]} 21. Rf3 {[%clk
01:13:30]} {[%emt 00:02:42]} cxd4 {[%clk 01:19:35]} {[%emt 00:01:19]} 22. Nxd4
{[%clk 01:11:45]} {[%emt 00:02:15]} Ng4 {[%emt 00:05:21]} 23. Bxb7 {[%clk
01:10:50]} {[%emt 00:00:48]} Rae8 {[%clk 01:14:27]} {[%emt 00:01:24]} 24. e6
{[%clk 01:06:38]} {[%emt 00:04:42]} Nde5 {[%clk 00:53:57]} {[%emt 00:21:00]}
25. exf7+ {[%clk 01:06:01]} {[%emt 00:01:07]} Nxf7 {[%clk 00:54:08]} {[%emt
00:00:18]} 26. Bd5 {[%clk 01:05:23]} {[%emt 00:01:04]} Nge5 {[%clk 00:52:09]}
{[%emt 00:02:34]} 27. Re3 {[%clk 00:55:48]} {[%emt 00:10:03]} g6 {[%clk
00:47:08]} {[%emt 00:05:33]} 28. Nf3 {[%clk 00:37:07]} {[%emt 00:19:10]} Kg7
{[%clk 00:40:30]} {[%emt 00:07:08]} 29. Nxe5 {[%clk 00:19:25]} {[%emt
00:18:13]} Nxe5 {[%clk 00:40:14]} {[%emt 00:00:44]} 30. h3 {[%clk 00:13:52]}
{[%emt 00:06:04]} Rd8 {[%clk 00:38:39]} {[%emt 00:02:05]} 31. Bb3 {[%clk
00:14:09]} {[%emt 00:00:14]} Kf6 {[%clk 00:38:08]} {[%emt 00:01:00]} 32. Rf1+
{[%clk 00:13:36]} {[%emt 00:01:02]} Kg7 {[%clk 00:38:20]} {[%emt 00:00:19]} 33.
Rfe1 {[%clk 00:10:58]} {[%emt 00:03:09]} Kf6 {[%clk 00:36:19]} {[%emt
00:02:31]} 34. Rf1+ {[%clk 00:09:54]} {[%emt 00:01:31]} Kg7 {[%clk 00:34:18]}
{[%emt 00:02:34]} 35. Rd1 Rc8 36. Rde1 1/2-1/2

[Event "DEM U14 2024"]
[Site "Willingen GER"]
[Date "2024.05.25"]
[Round "9"]
[White "Henn, Jakob"]
[Black "Keßler, Leo"]
[Result "1-0"]
[Termination "normal"]
[Board "25"]
[WhiteElo "1760"]
[BlackElo "1640"]
[WhiteClock "00:00:45"]
[BlackClock "00:20:39"]
[PlyCount "149"]
[WhiteFideId "34675060"]
[BlackFideId "533000638"]
[EventCountry "GER"]
[EventRounds "9"]
[EventType "swiss"]
[EventDate "2024.05.18"]

1. e4 {[%clk 01:30:52]} {[%emt 00:00:07]} e5 {[%clk 01:30:54]} {[%emt
00:00:06]} 2. Nf3 {[%clk 01:30:50]} {[%emt 00:00:31]} Nc6 {[%clk 01:31:18]}
{[%emt 00:00:08]} 3. Bc4 {[%clk 01:31:11]} {[%emt 00:00:08]} Bc5 {[%clk
01:31:40]} {[%emt 00:00:08]} 4. c3 {[%clk 01:31:31]} {[%emt 00:00:08]} Nf6
{[%clk 01:31:56]} {[%emt 00:00:16]} 5. d4 {[%clk 01:30:20]} {[%emt 00:01:42]}
exd4 {[%clk 01:32:20]} {[%emt 00:00:06]} 6. cxd4 {[%clk 01:30:44]} {[%emt
00:00:04]} Bb4+ {[%clk 01:32:46]} {[%emt 00:00:05]} 7. Kf1 {[%clk 01:30:55]}
{[%emt 00:00:18]} Nxe4 {[%clk 01:09:46]} {[%emt 00:23:31]} 8. d5 {[%emt
00:00:13]} Ne7 {[%clk 01:05:19]} {[%emt 00:04:55]} 9. Qd4 {[%clk 01:31:29]}
{[%emt 00:00:15]} Nf6 {[%clk 01:00:08]} {[%emt 00:05:42]} 10. Bg5 {[%clk
01:30:31]} {[%emt 00:01:26]} Ng6 {[%clk 00:59:02]} {[%emt 00:01:38]} 11. Nc3
{[%clk 01:27:30]} {[%emt 00:03:31]} Bxc3 {[%clk 00:44:28]} {[%emt 00:15:04]}
12. Qxc3 {[%clk 01:27:18]} {[%emt 00:00:42]} d6 {[%clk 00:42:38]} {[%emt
00:02:20]} 13. Re1+ {[%clk 01:15:19]} {[%emt 00:12:28]} Kf8 {[%clk 00:42:08]}
{[%emt 00:01:01]} 14. Bb5 {[%clk 01:12:34]} {[%emt 00:03:14]} Bd7 {[%clk
00:37:34]} {[%emt 00:05:04]} 15. Bxd7 {[%clk 01:10:55]} {[%emt 00:02:09]} Qxd7
{[%clk 00:37:55]} {[%emt 00:00:10]} 16. Bxf6 {[%clk 01:05:06]} {[%emt
00:06:18]} gxf6 {[%clk 00:38:18]} {[%emt 00:00:06]} 17. Qxf6 {[%clk 00:53:56]}
{[%emt 00:11:40]} Qb5+ {[%clk 00:34:25]} {[%emt 00:04:24]} 18. Kg1 {[%clk
00:50:08]} {[%emt 00:04:18]} Qxd5 {[%clk 00:34:10]} {[%emt 00:00:45]} 19. h4
{[%clk 00:43:12]} {[%emt 00:07:25]} h5 {[%clk 00:26:28]} {[%emt 00:08:13]} 20.
Re7 {[%clk 00:34:16]} {[%emt 00:09:26]} Nxe7 {[%clk 00:20:35]} {[%emt
00:06:22]} 21. Qxh8+ {[%clk 00:34:38]} {[%emt 00:00:08]} Ng8 {[%clk 00:20:59]}
{[%emt 00:00:07]} 22. Ng5 {[%clk 00:25:26]} {[%emt 00:09:42]} c6 {[%clk
00:16:31]} {[%emt 00:04:57]} 23. Qxh5 {[%clk 00:19:50]} {[%emt 00:06:06]} f6
{[%clk 00:16:14]} {[%emt 00:00:48]} 24. Qf3 {[%clk 00:19:39]} {[%emt 00:00:41]}
Qxf3 {[%clk 00:15:38]} {[%emt 00:01:06]} 25. Nxf3 {[%clk 00:20:03]} {[%emt
00:00:06]} Re8 {[%clk 00:15:58]} {[%emt 00:00:10]} 26. Kf1 {[%clk 00:14:35]}
{[%emt 00:05:59]} Nh6 {[%clk 00:15:41]} {[%emt 00:00:46]} 27. Nd2 {[%clk
00:12:22]} {[%emt 00:02:42]} Kf7 {[%clk 00:13:23]} {[%emt 00:02:48]} 28. f3
{[%clk 00:08:57]} {[%emt 00:03:55]} Nf5 {[%clk 00:12:58]} {[%emt 00:00:56]} 29.
Kf2 {[%clk 00:08:45]} {[%emt 00:00:42]} Nd4 {[%clk 00:10:19]} {[%emt 00:03:09]}
30. Ne4 {[%clk 00:08:23]} {[%emt 00:00:51]} Re6 {[%clk 00:10:37]} {[%emt
00:00:12]} 31. g4 {[%clk 00:06:23]} {[%emt 00:02:30]} d5 {[%clk 00:10:53]}
{[%emt 00:00:15]} 32. Nc3 {[%clk 00:05:44]} {[%emt 00:01:09]} b5 {[%clk
00:10:15]} {[%emt 00:01:08]} 33. a3 {[%clk 00:04:04]} {[%emt 00:02:10]} a5
{[%clk 00:07:37]} {[%emt 00:03:09]} 34. Rd1 {[%clk 00:02:36]} {[%emt 00:01:56]}
Nb3 {[%clk 00:07:36]} {[%emt 00:00:32]} 35. Ne2 {[%clk 00:01:26]} {[%emt
00:01:41]} a4 {[%clk 00:07:32]} {[%emt 00:00:34]} 36. Nd4 {[%clk 00:00:47]}
{[%emt 00:01:08]} Nxd4 {[%clk 00:07:55]} {[%emt 00:00:07]} 37. Rxd4 {[%clk
00:01:13]} {[%emt 00:00:04]} Kg6 {[%clk 00:08:20]} {[%emt 00:00:04]} 38. f4
{[%clk 00:01:08]} {[%emt 00:00:36]} f5 {[%clk 00:04:26]} {[%emt 00:04:24]} 39.
g5 {[%clk 00:00:42]} {[%emt 00:00:55]} Kh5 {[%clk 00:04:46]} {[%emt 00:00:11]}
40. Rd1 {[%emt 00:00:43]} Re4 {[%clk 00:01:19]} {[%emt 00:03:55]} 41. Kf3
{[%clk 00:23:48]} {[%emt 00:07:13]} Kg6 {[%clk 00:26:54]} {[%emt 00:04:55]} 42.
h5+ {[%clk 00:20:24]} {[%emt 00:03:54]} Kf7 {[%clk 00:26:37]} {[%emt 00:00:46]}
43. Rg1 {[%clk 00:17:56]} {[%emt 00:02:58]} Re8 {[%clk 00:24:34]} {[%emt
00:02:34]} 44. g6+ {[%clk 00:13:38]} {[%emt 00:04:47]} Kg7 {[%clk 00:24:57]}
{[%emt 00:00:07]} 45. Rg5 {[%clk 00:12:29]} {[%emt 00:01:39]} Rf8 {[%clk
00:24:34]} {[%emt 00:00:53]} 46. Ke3 {[%clk 00:11:49]} {[%emt 00:01:11]} c5
{[%clk 00:20:10]} {[%emt 00:04:54]} 47. Kd3 {[%clk 00:09:11]} {[%emt 00:03:07]}
Kg8 {[%emt 00:00:21]} 48. Rg1 {[%clk 00:06:06]} {[%emt 00:03:34]} Kg7 {[%clk
00:19:41]} {[%emt 00:01:10]} 49. Rg5 {[%clk 00:05:56]} {[%emt 00:00:39]} Kg8
{[%clk 00:19:43]} {[%emt 00:00:29]} 50. h6 {[%clk 00:02:37]} {[%emt 00:03:49]}
Rf6 {[%clk 00:20:07]} {[%emt 00:00:06]} 51. Ke2 {[%clk 00:01:46]} {[%emt
00:01:21]} Re6+ {[%clk 00:19:15]} {[%emt 00:01:22]} 52. Kd3 {[%clk 00:01:28]}
{[%emt 00:00:47]} Rf6 {[%clk 00:19:35]} {[%emt 00:00:09]} 53. Rg1 {[%clk
00:00:40]} {[%emt 00:01:20]} Re6 {[%clk 00:19:39]} {[%emt 00:00:27]} 54. Rg5
{[%clk 00:00:36]} {[%emt 00:00:33]} Rf6 {[%clk 00:20:01]} {[%emt 00:00:08]} 55.
Kd2 {[%clk 00:00:35]} {[%emt 00:00:32]} d4 {[%clk 00:19:48]} {[%emt 00:00:43]}
56. Kd3 {[%clk 00:00:45]} {[%emt 00:00:20]} Re6 {[%clk 00:18:53]} {[%emt
00:01:24]} 57. Rxf5 {[%clk 00:00:40]} {[%emt 00:00:35]} Rxg6 {[%clk 00:19:12]}
{[%emt 00:00:10]} 58. Rxc5 {[%clk 00:00:39]} {[%emt 00:00:32]} Ra6 {[%clk
00:17:57]} {[%emt 00:01:45]} 59. Rxb5 {[%clk 00:00:43]} {[%emt 00:00:26]} Kh7
{[%clk 00:18:17]} {[%emt 00:00:10]} 60. Kxd4 {[%clk 00:00:41]} {[%emt
00:00:31]} Kxh6 {[%clk 00:18:35]} {[%emt 00:00:12]} 61. Rb4 {[%clk 00:00:51]}
{[%emt 00:00:21]} Kg6 {[%clk 00:18:53]} {[%emt 00:00:12]} 62. Kc5 {[%clk
00:01:05]} {[%emt 00:00:16]} Ra5+ {[%clk 00:18:29]} {[%emt 00:00:54]} 63. Kb6
{[%clk 00:01:23]} {[%emt 00:00:11]} Ra8 {[%clk 00:18:53]} {[%emt 00:00:06]} 64.
Kb5 {[%clk 00:01:47]} {[%emt 00:00:07]} Kf5 {[%clk 00:19:00]} {[%emt 00:00:22]}
65. Rxa4 {[%clk 00:02:03]} {[%emt 00:00:14]} Rb8+ {[%clk 00:19:25]} {[%emt
00:00:05]} 66. Kc5 {[%clk 00:01:18]} {[%emt 00:01:14]} Rxb2 {[%clk 00:19:49]}
{[%emt 00:00:06]} 67. Rb4 {[%clk 00:01:19]} {[%emt 00:00:30]} Rc2+ {[%clk
00:19:54]} {[%emt 00:00:26]} 68. Kb5 {[%clk 00:01:30]} {[%emt 00:00:19]} Rc8
{[%clk 00:20:02]} {[%emt 00:00:21]} 69. a4 {[%clk 00:00:49]} {[%emt 00:01:12]}
Ke6 {[%clk 00:20:09]} {[%emt 00:00:23]} 70. Ka6 {[%clk 00:00:38]} {[%emt
00:00:41]} Rf8 {[%clk 00:20:18]} {[%emt 00:00:20]} 71. a5 {[%clk 00:00:35]}
{[%emt 00:00:34]} Kd7 {[%clk 00:20:28]} {[%emt 00:00:20]} 72. Kb7 {[%clk
00:00:40]} {[%emt 00:00:25]} Rf5 {[%clk 00:20:34]} {[%emt 00:00:24]} 73. a6
{[%clk 00:00:45]} {[%emt 00:00:25]} Rc5 {[%clk 00:20:18]} {[%emt 00:00:46]} 74.
Rd4 {[%clk 00:00:43]} {[%emt 00:00:32]} Ke6 {[%clk 00:20:39]} {[%emt 00:00:09]}
75. a7 {[%clk 00:00:45]} {[%emt 00:00:28]} 1-0